000 01729nam a2200493Ia 4500
001 sjds1106632
003 sjds
005 20180521145010.0
008 041015t20042004nyua b 000 1 eng
020 _a0439661242 (pbk.)
020 _a9780439661249 (pbk.)
035 _a313027
035 _a(OCoLC)56747346
035 _a313027
040 _aSO$
_cSO$
_dOCLCQ
_dBAKER
_dIFA
_dUtOrBLW
041 1 _aspa
_heng
049 _aIFAA
099 _aCHILDREN ESPANOL FICTION PARK
999 _c20740
_d20740
999 _bCHILDREN ESPANOL FICTION PARK
100 1 _aPark, Barbara,
_eauthor.
240 1 0 _aJunie B. Jones is a beauty shop guy.
_lSpanish
245 1 0 _aJunie B. Jones es una peluquera /
_cpor Barbara Park ; ilustrado por Denise Brunkus.
260 _aNew York :
_bScholastic,
_cc2004
264 1 _aNew York :
_bScholastic,
_c[2004]
264 4 _cc2004
300 _a67 pages :
_billustrations ;
_c19 cm.
336 _atext
_btxt
_2rdacontent
337 _aunmediated
_bn
_2rdamedia
338 _avolume
_bnc
_2rdacarrier
490 1 _aJunie B. Jones series
500 _a"This edition is only available for distribution through the school market"--P. [4] of cover.
526 0 _aAccelerated Reader
_bLG
_c2.0
_d1.0
_z24936SP
650 0 _aBeauty shops
_vJuvenile fiction.
650 0 _aHair
_vJuvenile fiction.
650 0 _aKindergarten
_vJuvenile fiction.
650 0 _aSchools
_vJuvenile fiction.
650 7 _aSalones de belleza
_vNovela juvenil.
_2bidex
650 7 _aCabello
_vNovela juvenil.
_2bidex
650 7 _aJardines infantiles
_vNovela juvenil.
_2bidex
650 7 _aEscuelas
_vNovela juvenil.
_2bidex
700 1 _aBrunkus, Denise,
_eillustrator.
800 1 _aPark, Barbara.
_tJunie B. Jones series.
942 _cBK